| 000 | 01447pam a2200421 a 4500 | ||
|---|---|---|---|
| 001 | 669681 | ||
| 003 | OSt | ||
| 005 | 20140310182046.0 | ||
| 008 | 950111r19951994nyua j 001 0 eng | ||
| 010 | _a 95002638 | ||
| 020 | _a0679973346 (lib. bdg.) | ||
| 020 | _a090808689X | ||
| 040 |
_aDLC _cDLC _dDLC |
||
| 042 | _alcac | ||
| 043 | _af------ | ||
| 050 | 0 | 0 |
_aDT 22 _b.C953 1995 |
| 082 | 0 | 0 | _a960 |
| 100 | 1 |
_aCrowther, Geoff _911576 |
|
| 245 | 1 | 0 |
_aAfrica / _cGeoff Crowther |
| 250 | _a1st American ed. | ||
| 260 |
_aNew York : _bKnopf : _bDistributed by Random House, _c2000 |
||
| 300 |
_a752 p. : _bcol. ill. ; _c29 cm. |
||
| 490 | 0 | _aEyewitness books | |
| 500 | _a"A Dorling Kindersley book"--T.p. verso. | ||
| 500 | _aIncludes index. | ||
| 651 | 0 |
_aAfrica _xHistory _xJuvenile literature. _911585 |
|
| 651 | 0 |
_aAfrica _xSocial life and customs _xJuvenile literature. _911586 |
|
| 651 | 1 |
_aAfrica _xHistory. _911587 |
|
| 651 | 1 |
_aAfrica _xSocial life and customs. _911588 |
|
| 700 | 1 |
_aMoller, Ray, _eill. _911589 |
|
| 700 | 1 |
_aDann, Geoff, _eill. _911590 |
|
| 856 | 4 | 2 |
_3Publisher description _uhttp://www.loc.gov/catdir/description/random0410/95002638.html |
| 906 |
_a7 _bcbc _corignew _d1 _eocip _f19 _gy-gencatlg |
||
| 942 |
_2lcc _cHS |
||
| 999 |
_c8872 _d8872 |
||